English for tourism and restaurants Book 2
Contents: Pronunciation and Intonation; Greetings and Self-Introduction; Cardinal Numbers; Cardinal Numbers and Ordinal Numbers; Offering Apologies; Offering Polite Refusals and Saying Thanks; Expressions of Time; Expressions of Dates
Na minha lista:
| Autor principal: | |
|---|---|
| Outros Autores: | |
| Formato: | Livro |
| Idioma: | Vietnamese |
| Publicado em: |
Tp. Hồ Chí Minh
Tổng hợp Tp. Hồ Chí Minh
2016
|
| Assuntos: | |
| Tags: |
Adicionar Tag
Sem tags, seja o primeiro a adicionar uma tag!
|
| Thư viện lưu trữ: | Thư viện Trường Đại học Nam Cần Thơ |
|---|
| LEADER | 01096nam a22002177a 4500 | ||
|---|---|---|---|
| 001 | NCT_96629 | ||
| 008 | 220304b xxu||||| |||| 00| 0 vie d | ||
| 999 | |c 4807 |d 4807 | ||
| 020 | |a 9786045846889 |c 298000 | ||
| 082 | 0 | 4 | |2 23rd ed. |a 428.24 |b L665 |
| 100 | 1 | |a Levin, Frank | |
| 245 | 1 | 0 | |a English for tourism and restaurants |n Book 2 |c Frank Levin, Peg Tinsley ; Judy Majewski (Proofreader) |
| 260 | |a Tp. Hồ Chí Minh |b Tổng hợp Tp. Hồ Chí Minh |c 2016 | ||
| 300 | |a 209 p. |b ill. |c 30cm |e 1 CD - ROM | ||
| 520 | 3 | |a Contents: Pronunciation and Intonation; Greetings and Self-Introduction; Cardinal Numbers; Cardinal Numbers and Ordinal Numbers; Offering Apologies; Offering Polite Refusals and Saying Thanks; Expressions of Time; Expressions of Dates | |
| 653 | |a Ngôn ngữ Anh | ||
| 700 | 1 | |a Tinsley, Peg | |
| 700 | 1 | |a Majewski, Judy |e Proofreader | |
| 942 | |2 ddc |c BK | ||
| 952 | |0 0 |1 0 |2 ddc |4 0 |6 428_240000000000000_L665 |7 0 |9 22216 |a 000001 |b 000001 |d 2022-03-04 |o 428.24 L665 |p MD.19261 |r 2022-03-04 |v 298000.00 |w 2022-03-04 |y BK | ||
| 980 | |a Thư viện Trường Đại học Nam Cần Thơ | ||


